[Event "Seefeld op 15th"]
[Site "Seefeld"]
[Date "2004.09.22"]
[Round "5"]
[White "Moerger, Karl Heinz"]
[Black "Birchmeier, Walter"]
[Result "1/2-1/2"]
[WhiteElo "2105"]
[BlackElo "1874"]
[PlyCount "111"]
[EventDate "2004.09.18"]
[EventType "swiss"]
[EventRounds "9"]
[EventCountry "AUT"]
[SourceTitle "EXT 2005"]
[Source "ChessBase"]
[SourceDate "2004.11.15"]
[SourceVersion "1"]
[SourceVersionDate "2004.11.15"]
[SourceQuality "1"]

1. e4 e6 2. d4 d5 3. e5 c5 4. c3 Qb6 5. Nf3 Bd7 6. Be2 Nc6 7. 0-0 cxd4 8. cxd4 Nge7 9. Nc3 Nf5 10. Na4 Qd8 11. Bg5 Be7 12. Bxe7 Ncxe7 13. Nc5 Bc6 14. b4 a6 15. a4 b5 16. a5 0-0 17. Rc1 Ra7 18. Bd3 Bd7 19. Qc2 g6 20. Qd2 Kg7 21. Rfe1 Nh6 22. Rc2 Nef5 23. Qf4 Qe7 24. g4 Nh4 25. h3 Nxf3+ 26. Qxf3 Qg5 27. Nxd7 Rxd7 28. Qg3 Qe7 29. Rc5 Ng8 30. g5 Rc7 31. Rec1 Rfc8 32. h4 Qe8 33. h5 Qe7 34. h6+ Kh8 35. Qf4 Qd8 36. R1c2 Qe7 37. Qc1 Rxc5 38. Rxc5 Rxc5 39. bxc5 Qc7 40. c6 Ne7 41. Qf4 Ng8 42. Kf1 Qe7 43. Ke2 Qc7 44. Qc1 Ne7 45. Qf4 Ng8 46. Bb1 Qe7 47. Ba2 Qc7 48. Qf3 Qe7 49. Qg2 Qa3 50. Bxd5 Qb2+ 51. Kd3 exd5 52. Qxd5 Qb1+ 53. Ke2 Qc2+ 54. Ke1 Qc1+ 55. Ke2 Qc2+ 56. Ke1 1/2-1/2

[Event "Bad Zwischenahn Seniors op 1st"]
[Site "Bad Zwischenahn"]
[Date "2004.??.??"]
[Round "5"]
[White "Moerger, Karl Heinz"]
[Black "Schwirz, Horst"]
[Result "1-0"]
[WhiteElo "1817"]
[BlackElo "1505"]
[PlyCount "53"]
[EventDate "2004.07.30"]
[EventType "swiss"]
[EventRounds "9"]
[EventCountry "GER"]
[SourceTitle "EXT 2006"]
[Source "ChessBase"]
[SourceDate "2005.11.24"]
[SourceVersion "1"]
[SourceVersionDate "2005.11.24"]
[SourceQuality "1"]

1. e4 e5 2. Nf3 Nc6 3. Bc4 Nf6 4. Nc3 Nxe4 5. Nxe4 d5 6. Bb5 dxe4 7. Nxe5 Bd7 8. Nxd7 Qxd7 9. d3 exd3 10. Qxd3 Qe6+ 11. Qe3 Qe7 12. 0-0 Rd8 13. Qc3 Rd6 14. Bf4 Re6 15. Rfe1 Qd7 16. a3 h5 17. h3 Rh7 18. Bd3 Rh8 19. Bf5 Nd8 20. Bxe6 Nxe6 21. Bxc7 Be7 22. Be5 Rg8 23. Rad1 Qb5 24. Qc8+ Bd8 25. Rxd8+ Nxd8 26. Bd6+ Qe2 27. Rxe2# 1-0

[Event "Bad Bertrich op 11th"]
[Site "Bad Bertrich"]
[Date "2003.??.??"]
[Round "1"]
[White "Mittelsteiner, Horst"]
[Black "Moerger, Karl Heinz"]
[Result "0-1"]
[WhiteElo "1980"]
[BlackElo "2125"]
[PlyCount "62"]
[EventDate "2003.??.??"]
[EventType "swiss"]
[EventRounds "7"]
[EventCountry "GER"]
[SourceTitle "EXT 2007"]
[Source "ChessBase"]
[SourceDate "2006.11.23"]
[SourceVersion "1"]
[SourceVersionDate "2006.11.23"]
[SourceQuality "1"]

1. e4 e6 2. d4 d5 3. e5 c5 4. c3 Qb6 5. Nf3 Nc6 6. a3 a5 7. Bd3 Bd7 8. 0-0 cxd4 9. cxd4 Nxd4 10. Nxd4 Qxd4 11. Nc3 Ne7 12. Re1 Qb6 13. Qe2 Ng6 14. g3 Bc5 15. Bxg6 hxg6 16. Bg5 0-0 17. Rad1 Bc6 18. h4 Rae8 19. a4 f6 20. exf6 gxf6 21. Bh6 Rf7 22. Nb5 Rh7 23. Be3 Bxe3 24. fxe3 Bxb5 25. axb5 Rc7 26. Rc1 Rec8 27. Rxc7 Qxc7 28. Qg4 Kf7 29. Rf1 Qe5 30. Qf3 Rc2 31. h5 gxh5 0-1

[Event "Moselpokal Seniors 10th"]
[Site "Bad Bertrich"]
[Date "2002.11.29"]
[Round "1"]
[White "Rotstein, Jefim"]
[Black "Moerger, Karl Heinz"]
[Result "1-0"]
[WhiteElo "2396"]
[BlackElo "1837"]
[PlyCount "97"]
[EventDate "2002.11.??"]
[EventType "swiss"]
[EventRounds "9"]
[EventCountry "GER"]
[SourceTitle "EXT 2006"]
[Source "ChessBase"]
[SourceDate "2005.11.24"]
[SourceVersion "1"]
[SourceVersionDate "2005.11.24"]
[SourceQuality "1"]

1. d4 d5 2. c4 e6 3. Nc3 Nf6 4. Bg5 Be7 5. e3 h6 6. Bh4 Nbd7 7. Nf3 b6 8. cxd5 exd5 9. Qc2 Bb7 10. Bd3 Rc8 11. 0-0 0-0 12. Nb5 a6 13. Na7 Ra8 14. Nc6 Bxc6 15. Qxc6 Ra7 16. Rac1 Bd6 17. Bf5 Nb8 18. Qc2 Re8 19. Rfd1 c6 20. Qb3 Rb7 21. Bb1 g6 22. Qc3 g5 23. Bg3 Ne4 24. Bxe4 dxe4 25. Bxd6 Qxd6 26. Ne5 Rc7 27. Nc4 Qe6 28. Nxb6 Ree7 29. Qa5 Rb7 30. b3 f6 31. Rc5 Kg7 32. Rdc1 Re8 33. h3 Kg6 34. d5 cxd5 35. Nxd5 Qd6 36. Rd1 Qf8 37. Qc3 Rd8 38. Rd4 Rbd7 39. b4 Qf7 40. Qc4 Re8 41. Rxe4 Red8 42. Rd4 f5 43. a4 Rd6 44. b5 axb5 45. axb5 h5 46. Rc7 R6d7 47. b6 Qg8 48. Ne7+ Rxe7 49. Qxg8+ 1-0

[Event "Alpenpokal op 28th"]
[Site "Oberstdorf"]
[Date "2002.??.??"]
[Round "4"]
[White "Froehlich, Rainer"]
[Black "Moerger, Karl Heinz"]
[Result "1/2-1/2"]
[WhiteElo "1933"]
[BlackElo "1782"]
[PlyCount "56"]
[EventDate "2002.01.12"]
[EventType "swiss"]
[EventRounds "9"]
[EventCountry "GER"]
[SourceTitle "EXT 2003"]
[Source "ChessBase"]
[SourceDate "2002.11.25"]
[SourceVersion "1"]
[SourceVersionDate "2002.11.25"]
[SourceQuality "1"]

1. c4 e6 2. Nc3 d5 3. Nf3 Nf6 4. e3 a6 5. b3 dxc4 6. bxc4 c5 7. Be2 Bd6 8. 0-0 0-0 9. d4 Qc7 10. Qb3 Nc6 11. Rb1 e5 12. d5 e4 13. Nxe4 Nxe4 14. dxc6 Qxc6 15. Bd3 f5 16. Bb2 Rb8 17. Ba1 Qc7 18. Qc2 Qe7 19. Rfd1 Bd7 20. Bxe4 fxe4 21. Ne1 Bc6 22. Rd2 Qc7 23. g3 Rbd8 24. Rbd1 Be7 25. Ng2 Rxd2 26. Rxd2 Rd8 27. Nf4 Rxd2 28. Qxd2 Qd7 1/2-1/2

[Event "GER Cup Amateur GrB 2nd"]
[Site "Voelklingen"]
[Date "2001.??.??"]
[Round "8"]
[White "Schmitt, Adolf"]
[Black "Moerger, Karl Heinz"]
[Result "1-0"]
[WhiteElo "1824"]
[BlackElo "1782"]
[PlyCount "98"]
[EventDate "2001.??.??"]
[EventType "swiss"]
[EventRounds "9"]
[EventCountry "GER"]
[SourceTitle "EXT 2003"]
[Source "ChessBase"]
[SourceDate "2002.11.25"]
[SourceVersion "1"]
[SourceVersionDate "2002.11.25"]
[SourceQuality "1"]

1. d4 d5 2. Bf4 c6 3. Nf3 Qb6 4. Qc1 Bg4 5. Ne5 Bf5 6. g4 Be6 7. h3 Qxd4 8. e3 Qb6 9. Nd2 f6 10. Nd3 Bf7 11. Be2 e5 12. Bg3 c5 13. c4 dxc4 14. Nxc4 Qc6 15. 0-0 Nd7 16. Rd1 Qe6 17. Ne1 b5 18. Nd2 h5 19. Bxb5 hxg4 20. Ne4 Rd8 21. Nxc5 Bxc5 22. Qxc5 Ne7 23. Qxa7 Nd5 24. e4 N5b6 25. Qa3 Qe7 26. Qxe7+ Kxe7 27. hxg4 Rh3 28. Kg2 Rdh8 29. Nd3 g6 30. a4 f5 31. gxf5 gxf5 32. Nxe5 Nxe5 33. Bxe5 R8h7 34. a5 Nc4 35. Rd7+ Ke6 36. Rxf7 Nxe5 37. Rxh7 Rxh7 38. exf5+ Kxf5 39. a6 Rg7+ 40. Kf1 Nf3 41. Ra5 Rg1+ 42. Ke2 Nd4+ 43. Ke3 Nc2+ 44. Kd2 Nd4 45. Bc4+ Kf4 46. a7 Rg2 47. Kc3 Ne2+ 48. Bxe2 Rg1 49. Ra4+ Ke5 1-0